| 000 | 00348nam a2200133Ia 4500 | ||
|---|---|---|---|
| 008 | 181023s9999 xx 000 0 und d | ||
| 020 | _a9781138820418 | ||
| 100 | _aMerlin, Bella. | ||
| 245 |
_cBella Merlin.-- _aActing : _bthe basics / |
||
| 250 | _a2nd ed | ||
| 260 |
_aNew York : _bRoutledge _c2018 |
||
| 300 | _ax, 204 pages. | ||
| 650 | _aActing. | ||
| 999 |
_c359354 _d359354 |
||